000 00578nam a22001697a 4500
999 _c9410
_d9410
008 210410b ||||| |||| 00| 0 eng d
040 _aBMS College of Architecture
100 _aMadapur, S Bhagyalaxmi
245 _aMutation corridors and impact on built form case of Bangalore city
300 _a94p.
500 _a1BM07AHD01
502 _8M.Arch
_NBMS College of Architecture, Visvesvaraya Technological University
_aDissertation
_d2009
650 _aBangalore City
700 _aRama R Subrahmaniam
_eGuide
700 _aSatya Prakash Varanasi
_eGuide
942 _2ddc
_cPGTHE